000 00636 a2200229 4500
001 107824
020 _a9781416975571
041 _apor
082 _aP Year 5 [Fic]
250 _a1st Aladdin Paperbacks ed.
300 _a134 p.
697 _aAbandoned children - Fiction.
697 _aRunaway children - Fiction.
697 _aInterpersonal relations - Fiction.
856 _u000015/00001509.jpg
040 _aBR-BrIDEA
_cBR-BrIDEA
090 _aP Year 5 [Fic]
_bPAT
100 _aPatron, Susan
_d1948
245 1 0 _aThe higher power of Lucky
_c Susan Patron
260 _aNew York
_bAladdin Paperbacks
_c2008
942 _cBK
999 _c107824
_d107824